Detalles MARC
| 000 -LEADER |
| fixed length control field |
04130nam a2200445Ii 4500 |
| 001 - CONTROL NUMBER |
| control field |
DIGIBE0408 |
| 003 - CONTROL NUMBER IDENTIFIER |
| control field |
NyNyDIG |
| 006 - FIXED-LENGTH DATA ELEMENTS--ADDITIONAL MATERIAL CHARACTERISTICS |
| fixed length control field |
m o d |
| 007 - PHYSICAL DESCRIPTION FIXED FIELD--GENERAL INFORMATION |
| fixed length control field |
cr ||||||||||| |
| 008 - FIXED-LENGTH DATA ELEMENTS--GENERAL INFORMATION |
| fixed length control field |
130201s2003 sp a ob 100 0 spa d |
| 020 ## - INTERNATIONAL STANDARD BOOK NUMBER |
| International Standard Book Number |
9783865278074 |
| Qualifying information |
(eBook) |
| 020 ## - INTERNATIONAL STANDARD BOOK NUMBER |
| Canceled/invalid ISBN |
9788484891017 |
| Qualifying information |
(Iberoamericana) |
| 020 ## - INTERNATIONAL STANDARD BOOK NUMBER |
| Canceled/invalid ISBN |
8484891011 |
| Qualifying information |
(Iberoamericana) |
| 020 ## - INTERNATIONAL STANDARD BOOK NUMBER |
| Canceled/invalid ISBN |
3893547177 |
| Qualifying information |
(Vervuert) |
| 020 ## - INTERNATIONAL STANDARD BOOK NUMBER |
| Canceled/invalid ISBN |
9783893547173 |
| Qualifying information |
(Vervuert) |
| 035 ## - SYSTEM CONTROL NUMBER |
| System control number |
(OCoLC)607057322 |
| 040 ## - CATALOGING SOURCE |
| Original cataloging agency |
DGITA |
| Language of cataloging |
eng |
| Description conventions |
pn |
| Transcribing agency |
DGITA |
| 043 ## - GEOGRAPHIC AREA CODE |
| Geographic area code |
cl----- |
| 050 14 - LIBRARY OF CONGRESS CALL NUMBER |
| Classification number |
PQ7081.A1 eBook |
| 245 00 - TITLE STATEMENT |
| Title |
Ficciones y silencios fundacionales : |
| Remainder of title |
literaturas y culturas poscoloniales en América Latina (siglo XIX) / |
| Statement of responsibility, etc. |
Friedhelm Schmidt-Welle, ed. |
| 264 #1 - PRODUCTION, PUBLICATION, DISTRIBUTION, MANUFACTURE, AND COPYRIGHT NOTICE |
| Place of production, publication, distribution, manufacture |
Madrid : |
| Name of producer, publisher, distributor, manufacturer |
Iberoamericana ; |
| Place of production, publication, distribution, manufacture |
Frankfurt am Main : |
| Name of producer, publisher, distributor, manufacturer |
Vervuert, |
| Date of production, publication, distribution, manufacture, or copyright notice |
2003. |
| 300 ## - PHYSICAL DESCRIPTION |
| Extent |
1 online resource (418 pages) : |
| Other physical details |
ill. |
| 336 ## - CONTENT TYPE |
| Content type term |
text |
| Content type code |
txt |
| Source |
rdacontent |
| 337 ## - MEDIA TYPE |
| Media type term |
computer |
| Media type code |
c |
| Source |
rdamedia |
| 338 ## - CARRIER TYPE |
| Carrier type term |
online resource |
| Carrier type code |
cr |
| Source |
rdacarrier |
| 490 1# - SERIES STATEMENT |
| Series statement |
Colección Nexos y diferencias ; |
| Volume/sequential designation |
8. |
| 500 ## - GENERAL NOTE |
| General note |
"Este libro es el resultado de un simposio llevado a cabo en el Instituto Ibero-Americano en Berlín, Alemania, del 8 al 10 de noviembre de 2001, bajo el título .Poscolonialismo, nacionalismo y sujeto (construcci ón de identidades en la literatura y cultura latinoamericanas del siglo XIX)., y de los debates que surgieron en esa oportunidad" (p.[9]). |
| 504 ## - BIBLIOGRAPHY, ETC. NOTE |
| Bibliography, etc. note |
Includes bibliographical references. |
| 505 0# - FORMATTED CONTENTS NOTE |
| Formatted contents note |
Introducción: Ficciones y silencios fundacionales / Friedhelm Schmidt-Welle -- La poética de la per-versión: Poetisa inubicable devora a su maestro. No se sabe si se trata de aprendizaje o de venganza / Mary Louise Pratt -- El XIX estrecho: leer los proyectos fundacionales / Javier Lasarte Valcárcel -- La nacionalización del pasado. Los orígenes de las .historias patrias. en América Latina / Alexander Betancourt Mendieta -- ¡Desde Cuba al paraíso! Colonialismo, autonomismo y patriotismo fatalista en la obra teatral de Olallo Díaz González / Janett Reinstädler -- Fronteras: la conquista del desierto y la economía de la Violencia / Jens Andermann -- Discursos de la sospecha. Referentes para evaluar la idea de nación / Ana Pizarro -- El pensamiento universitario de Bello: identidad hispanoamericana y sujeto moderno / Grínor Rojo -- Entre la masa: dinámica de sujetos en el siglo XIX / Graciela Montaldo -- Conciencia nacional y herencia colonial. El orden de los sexos en la literatura patriótica de México / Karl Hölz -- Postcolonialismo en el Brasil: Malinches y contra Malinches / Ligia Chiappini -- La representación del .otro.: Aves sin nido de Clorinda Matto / Sonia Mattalia -- Decadentismo y necrofilia: El culto a la amada muerta en la poesía de fin de siglo / Ana Peluffo -- Entre el poema épico y la novela: La fundación de la literatura brasileña / Horst Nitschack -- Ilustración y Romanticismo en la primera mitad del siglo XIX: ¿opciones contradictorias o complementarias? / Dieter Janik -- Lectura y experiencia de lo nacional: los almanaques en el siglo XIX chileno / Juan Poblete -- Europa de remate. Experiencia y relato en Viajes y observaciones. Cartas a La Prensa. 1892 de Eduardo Wilde / Cristina Iglesia -- El liberalismo sentimental hispanoamericano / Friedhelm Schmidt-Welle -- Traducción del espacio y espacios de la traducción: Les Jardins de Jacques Delille en la versión de Andrés Bello / Andrea Pagni -- El ordenamiento de la cultura nacional: una vitrina para la exportación (la Exposición Venzolana de 1883) / Beatriz González-Stephan |
| 650 #0 - SUBJECT ADDED ENTRY--TOPICAL TERM |
| Topical term or geographic name entry element |
Latin American literature |
| Chronological subdivision |
19th century |
| General subdivision |
History and criticism |
| Form subdivision |
Congresses. |
| 650 #0 - SUBJECT ADDED ENTRY--TOPICAL TERM |
| Topical term or geographic name entry element |
Literature and society |
| Geographic subdivision |
Latin America |
| Form subdivision |
Congresses. |
| 655 #0 - INDEX TERM--GENRE/FORM |
| Genre/form data or focus term |
Electronic books. |
| 700 1# - ADDED ENTRY--PERSONAL NAME |
| Personal name |
Schmidt-Welle, Friedhelm. |
| 791 2# - |
| -- |
Digitalia (Firm), |
| -- |
distributor. |
| 793 0# - |
| -- |
Digitalia eBook Collection: |
| -- |
Iberoamericana/Vervuert. |
| 830 #0 - SERIES ADDED ENTRY--UNIFORM TITLE |
| Uniform title |
Colección Nexos y diferencias ; |
| Volume/sequential designation |
no. 8. |
| 856 40 - ELECTRONIC LOCATION AND ACCESS |
| Materials specified |
Digitalia Hispánica |
| Uniform Resource Identifier |
<a href="https://www.digitaliapublishing.com/a/17721/">https://www.digitaliapublishing.com/a/17721/</a> |
| 910 ## - USER-OPTION DATA (OCLC) |
| User-option data |
Premium Collection: 2007-2012 |
| 942 ## - ADDED ENTRY ELEMENTS (KOHA) |
| Koha item type |
Recurso Electrónico |